Liverpool - Transferts les plus chers - Statistiques

Statistiques générales
  • Ce quiz a été pris 132 fois
  • Le résultat moyen est 27 sur 50
Statistiques - réponses
Saison Nationalité Montant Provenance Réponse % Correct
25/26 Allemagne 125 M€ Bayer Leverkusen Florian Wirtz
99%
25/26 Suède 145 M€ Newcastle Alexander Isak
98%
25/26 France 95 M€ Eintracht Frankfort Hugo Ekitiké
98%
17/18 Egypte 42 M€ AS Rome Mohamed Salah
96%
17/18 Pays Bas 84 M€ Southampton Virgil van Dijk
96%
21/22 Colombie 49 M€ FC Porto Luis Díaz
95%
18/19 Brésil 72 M€ AS Rome Alisson
94%
22/23 Uruguay 85 M€ Benfica Lisbonne Darwin Núñez
93%
25/26 Hongrie 46 M€ Bournemouth Milos Kerkez
91%
16/17 Sénégal 41 M€ Southampton Sadio Mané
91%
23/24 Argentine 42 M€ Brighton Alexis Mac Allister
87%
18/19 Brésil 45 M€ AS Monaco Fabinho
86%
21/22 France 40 M€ RB Leipzig Ibrahima Konaté
86%
23/24 Hongrie 70 M€ RB Leipzig Dominik Szoboszlai
85%
15/16 Brésil 41 M€ Hoffenheim Roberto Firmino
82%
22/23 Pays Bas 42 M€ PSV Cody Gakpo
80%
20/21 Portugal 44 M€ Wolverhampton Diogo Jota
79%
25/26 Pays Bas 40 M€ Bayer Leverkusen Jeremie Frimpong
79%
18/19 Guinée 60 M€ RB Leipzig Naby Keïta
79%
23/24 Pays Bas 40 M€ Bayern Munich Ryan Gravenberch
75%
10/11 Uruguay 26 M€ Ajax Amsterdam Luis Suárez
73%
07/08 Espagne 38 M€ Atlético Madrid Fernando Torres
67%
20/21 Espagne 22 M€ Bayern Munich Thiago Alcántara
63%
23/24 Japon 20 M€ Stuttgart Wataru Endo
62%
24/25 Géorgie 30 M€ Valence CF Giorgi Mamardashvili
61%
16/17 Pays Bas 27 M€ Newcastle Georginio Wijnaldum
52%
04/05 France 20 M€ AJ Auxerre Djibril Cissé
51%
13/14 France 19 M€ PSG Mamadou Sakho
48%
17/18 Angleterre 38 M€ Arsenal Alex Oxlade-Chamberlain
44%
15/16 Belgique 46 M€ Aston Villa Christian Benteke
42%
14/15 Croatie 25 M€ Southampton Dejan Lovren
42%
11/12 Angleterre 18 M€ Sunderland Jordan Henderson
37%
04/05 Espagne 16 M€ Real Sociedad Xabi Alonso
36%
10/11 Angleterre 41 M€ Newcastle Andy Carroll
30%
14/15 Italie 20 M€ Milan AC Mario Balotelli
30%
14/15 Angleterre 31 M€ Southampton Adam Lallana
26%
06/07 Pays Bas 18 M€ Feyenoord Dirk Kuyt
26%
12/13 Angleterre 16 M€ Chelsea Daniel Sturridge
24%
02/03 Sénégal 15 M€ Lens El-Hadji Diouf
24%
08/09 Irlande 24 M€ Tottenham Robbie Keane
24%
08/09 Argentine 22 M€ West Ham Javier Mascherano
19%
14/15 Serbie 25 M€ Benfica Lisbonne Lazar Markovic
18%
14/15 Espagne 18 M€ FC Séville Alberto Moreno
17%
15/16 Angleterre 17 M€ Southampton Nathaniel Clyne
13%
07/08 Pays Bas 17 M€ Ajax Amsterdam Ryan Babel
10%
12/13 Angleterre 19 M€ Swansea Joe Allen
9%
09/10 Italie 20 M€ AS Rome Alberto Aquilani
6%
09/10 Angleterre 20 M€ Portsmouth Glen Johnson
6%
11/12 Angleterre 22 M€ Aston Villa Stewart Downing
5%
99/00 Angleterre 16 M€ Leicester Emile Heskey
2%
Aucun quiz correspondant
Distribution des résultats
% des personnes avec chaque résultat
Percentile par nombre de réponses
Votre historique - résultats
Vous n’avez pas pris ce quiz